WNBA Top 25 All-Time: Minutes - Statistics

General Stats
  • This quiz has been taken 24 times
    14 since last reset
  • The average score is 11 of 25
Answer Stats
# Player Minutes % Correct
2 Diana Taurasi 17,322
100%
1 Sue Bird 18,080
100%
18 Candace Parker 12,445
86%
5 DeWanna Bonner 15,441
71%
9 Tina Charles 14,077
71%
24 Lisa Leslie 11,634
64%
17 Becky Hammon 12,544
57%
8 Tamika Catchings 14,387
57%
4 Katie Smith 15,725
50%
23 Nneka Ogwumike 12,085
50%
15 Tangela Smith 12,734
50%
3 Tina Thompson 16,089
50%
14 Cappie Pondexter 12,785
29%
22 Courtney Vandersloot 12,214
29%
10 Lindsay Whalen 13,601
29%
12 Swin Cash 13,451
29%
21 Sylvia Fowles 12,320
29%
7 DeLisha Milton-Jones 14,395
21%
25 Rebekkah Brunson 11,408
21%
19 Vickie Johnson 12,435
21%
6 Candice Dupree 15,154
14%
16 Katie Douglas 12,630
14%
20 Alana Beard 12,330
7%
11 Taj McWilliams-Franklin 13,546
7%
13 Ticha Penicheiro 12,796
7%
No matching quizzes found
Score Distribution
Percent of People with Each Score
Percentile by Number Answered
Your Score History
You have not taken this quiz since the last reset